| 000 | 00732nam a2200181 i 4500 | ||
|---|---|---|---|
| 001 | 158039 | ||
| 003 | ES-MaACL | ||
| 005 | 20250907063120.0 | ||
| 008 | 990122s1886 ag |||| | spa d | ||
| 100 | 1 |
_aLópez de Gómara, Justo S., _d1859-1923 _973542 |
|
| 245 | 1 | 0 |
_aLocuras humanas / _creferidas por Justo S. López Gomara ; ilustraciones de Hermoso ; grabados de Ortego. |
| 260 |
_aBuenos Aires : _bFélix Lajouane, Editor, _c1886. |
||
| 300 |
_a[4], 133 p., [1] h. de lám. : _bil. ; _c22 cm. |
||
| 700 | 1 |
_aHermoso. _9127887 |
|
| 700 | 1 |
_aOrtego y Vereda, Francisco Javier. _9148757 |
|
| 852 |
_aES-MaACL _jT-465-F-7 _z- Enc. hol. _z- Enc. en un vol. facticio _x- Falto de cub. original |
||
| 999 |
_c158039 _d158039 |
||